Tìm hiểu lễ hội Hà Nội

Nghiên cứu một cách hệ thống về lễ hội ở Hà Nội, nêu lên những nét đặc trưng, những vấn đề lịch sử và vai trò của lễ hội trong đời sống chính trị, văn hoá, tâm linh của người Hà Nội...

Ausführliche Beschreibung

Gespeichert in:
Bibliographische Detailangaben
1. Verfasser: Lê, Hồng Lý
Format: Buch
Sprache:Undetermined
Veröffentlicht: Hà Nội Nhà xuất bản Hà Nội 2010
Schlagworte:
Tags: Tag hinzufügen
Keine Tags, Fügen Sie den ersten Tag hinzu!
Thư viện lưu trữ: Trung tâm Học liệu Trường Đại học Cần Thơ
LEADER 01067nam a2200229Ia 4500
001 CTU_158642
008 210402s9999 xx 000 0 und d
020 |c 130000 
082 |a 394.26959731 
082 |b L600 
100 |a Lê, Hồng Lý 
245 0 |a Tìm hiểu lễ hội Hà Nội 
245 0 |c Lê Hồng Lý 
260 |a Hà Nội 
260 |b Nhà xuất bản Hà Nội 
260 |c 2010 
520 |a Nghiên cứu một cách hệ thống về lễ hội ở Hà Nội, nêu lên những nét đặc trưng, những vấn đề lịch sử và vai trò của lễ hội trong đời sống chính trị, văn hoá, tâm linh của người Hà Nội 
650 |a Folk festivals,Lễ hội dân gian,Culture,Văn hóa 
650 |z Vietnam,Việt Nam,Vietnam,Việt Nam 
904 |i A.Thơ,Qhieu 
910 |a Năm sửa số PL 394.269597 thành 394.26959731 (chưa in nhãn) 
980 |a Trung tâm Học liệu Trường Đại học Cần Thơ